二十四史 Twenty-Four Histories - Statistics

General Stats
  • This quiz has been taken 332 times
  • The average score is 18 of 24
Answer Stats
编号 书名 今本卷数 成书时间及顺序 % Correct
2 汉书 100 83年,第二
97%
1 史记 130 前93年,第一
96%
3 后汉书 120 445年,第四
96%
4 三国志 65 289年,第三
95%
24 明史 332 1739年,第二十四
92%
5 晋书 130 648年,第十三
91%
20 宋史 496 1345年,第二十二
91%
23 元史 210 1370年,第二十三
91%
21 辽史 116 1344年,并列第二十
83%
22 金史 135 1344年,并列第二十
82%
13 隋书 85 636年,并列第八
81%
17 新唐书 225 1060年,第十八
78%
6 宋书 100 488年,第五
76%
16 旧唐书 200 945年,第十六
76%
8 梁书 56 636年,并列第八
73%
9 陈书 36 636年,并列第八
73%
10 魏书 114 554年,第七
73%
12 周书 50 636年,并列第八
62%
7 南齐书 59 514年,第六
61%
11 北齐书 50 636年,并列第八
61%
14 南史 80 659年,并列第十四
52%
15 北史 100 659年,并列第十四
52%
18 旧五代史 150 974年,第十七
51%
19 新五代史 74 1072年,第十九
51%
No matching quizzes found
Score Distribution
Percent of People with Each Score
Percentile by Number Answered
Your Score History
You have not taken this quiz